Observación y comunicación no verbal en la escuela infantil / (Record no. 42436)

MARC details
000 -CABECERA
campo de control de longitud fija 00807nam a2200241 a 4500
005 - FECHA Y HORA DE LA ÚLTIMA TRANSACCIÓN
campo de control 20240911064628.0
008 - ELEMENTOS DE LONGITUD FIJA--INFORMACIÓN GENERAL
campo de control de longitud fija 991125s19921998mad 000 0 spa u
020 ## - NÚMERO INTERNACIONAL NORMALIZADO PARA LIBROS
Número Internacional Estándar del Libro 8471123126
035 ## - NÚMERO DE CONTROL DEL SISTEMA
Número de control de sistema UPN01000042436
049 ## - COLECCIÓN
Colección CG
050 #4 - SIGNATURA TOPOGRÁFICA DE LA BIBLIOTECA DEL CONGRESO
Número de clasificación BF323 O3
Número de documento/Ítem Z5.68 1992
100 1# - ASIENTO PRINCIPAL--NOMBRE PERSONAL
Nombre de persona Zimmermann, D.
245 10 - MENCIÓN DE TÍTULO
Título Observación y comunicación no verbal en la escuela infantil /
Mención de responsabilidad, etc. D. Zimmermann.
250 ## - MENCIÓN DE EDICIÓN
Mención de edición 2a ed.
260 ## - PUBLICACIÓN, DISTRIBUCIÓN, ETC.
Lugar de publicación, distribución, etc. Madrid :
Nombre del editor, distribuidor, etc. Ministerio de Educación y Cultura,
-- Morata,
Fecha de publicación, distribución, etc. 1992(1998 impr.).
300 ## - DESCRIPCIÓN FÍSICA
Extensión 158 p.
440 #0 - MENCIÓN DE SERIE/ASIENTO SECUNDARIO--TÍTULO
Título Pedagogía
Nombre de parte o sección de la obra Educación infantil y primaria
590 ## - NOTA LOCAL (RLIN)
Nota local (También localizas un ejemplar en el "Area de Reserva")
590 ## - NOTA LOCAL (RLIN)
Nota local Bibliografía Básica (BGTQ)
650 #4 - ASIENTO SECUNDARIO DE MATERIA - TERMINO TEMATICO
Término de materia o nombre geográfico como elemento de entrada Comunicación en la educación
9 (RLIN) 1520
650 #4 - ASIENTO SECUNDARIO DE MATERIA - TERMINO TEMATICO
Término de materia o nombre geográfico como elemento de entrada OBSERVACION (PSICOLOGIA)
905 ## - TIPO DE MATERIAL
Tipo de material Libro
Holdings
Estado de retiro Estado de pérdida Fuente del sistema de clasificación o colocación Estado dañado No para préstamo Código de colección Localización permanente Ubicación/localización actual Ubicación en estantería Total de préstamos Clasificación Código de barras Fecha visto por última vez Número de copia Tipo de ítem Koha Fecha de adquisición Fecha del último préstamo Restricciones de uso
    Library of Congress Classification     Colección General Bib. Gregorio Torres Quintero Bib. Gregorio Torres Quintero Planta baja 7 BF323 O3 Z5.68 1992 144914 31/12/2020 1 Libro      
    Library of Congress Classification     Colección General Bib. Gregorio Torres Quintero Bib. Gregorio Torres Quintero Planta baja 7 BF323 O3 Z5.68 1992 217827 26/09/2022 1 Libro 23/09/2022 23/09/2022  
    Library of Congress Classification     Bibliografía básica Bib. Gregorio Torres Quintero Bib. Gregorio Torres Quintero Colecciones especiales Planta alta 2 BF323 O3 Z5.68 1992 190058 31/12/2020 1 Libro por horas 30/01/2023   Préstamo por horas
    Library of Congress Classification     Colección General Bib. Gregorio Torres Quintero Bib. Gregorio Torres Quintero Planta baja   BF323 O3 Z5.68 1992 144913 31/12/2020 1 Libro      
    Library of Congress Classification     Colección General Bib. Gregorio Torres Quintero Bib. Gregorio Torres Quintero Planta baja 12 BF323 O3 Z5.68 1992 194544 31/12/2020 1 Libro